Statistics for U.S. Cities by Picture #4

Click here to take the quiz!

General Stats

  • This quiz has been taken 10 times
  • The average score is 8 of 20

Answer Stats

Answer % Correct
Memphis
83%
Wichita
67%
Anaheim
67%
Tucson
67%
Billings
50%
Cedar Rapids
33%
Providence
33%
Fargo
33%
Raleigh
33%
Irving
33%
Hartford
33%
Charleston
33%
Chattanooga
33%
Plano
33%
Colorado Springs
33%
Columbia
33%
Amarillo
33%
Knoxville
33%
Lubbock
33%
Lexington
33%

Score Distribution

Percentile by Number Answered

Percent of People with Each Score

Your Score History

You have not taken this quiz